Biggest Cities in the United States in 1970 - Statistics

General Stats
  • This quiz has been taken 6 times
  • The average score is 75 of 100
Answer Stats
Population State City % Correct
641,071 MA Boston
100%
462,768 NY Buffalo
100%
3,366,957 IL Chicago
100%
844,401 TX Dallas
100%
514,678 CO Denver
100%
1,511,482 MI Detroit
100%
1,232,802 TX Houston
100%
2,816,061 CA Los Angeles
100%
623,530 TN Memphis
100%
448,003 TN Nashville
100%
7,894,862 NY New York
100%
1,948,609 PA Philadelphia
100%
520,117 PA Pittsburgh
100%
309,980 MN Saint Paul
100%
175,885 UT Salt Lake City
100%
654,153 TX San Antonio
100%
530,831 WA Seattle
100%
622,236 MO St. Louis
100%
756,510 DC Washington
100%
905,759 MD Baltimore
83%
300,910 AL Birmingham
83%
156,542 CT Bridgeport
83%
241,178 NC Charlotte
83%
452,524 OH Cincinnati
83%
750,903 OH Cleveland
83%
539,677 OH Columbus
83%
154,168 GA Columbus
83%
322,261 TX El Paso
83%
393,476 TX Fort Worth
83%
165,972 CA Fresno
83%
324,871 HI Honolulu
83%
744,624 IN Indianapolis
83%
153,068 MS Jackson
83%
528,865 FL Jacksonville
83%
260,545 NJ Jersey City
83%
507,087 MO Kansas City
83%
168,213 KS Kansas City
83%
361,472 KY Louisville
83%
334,859 FL Miami
83%
717,099 WI Milwaukee
83%
434,000 MN Minneapolis
83%
190,026 AL Mobile
83%
593,471 LA New Orleans
83%
581,562 AZ Phoenix
83%
382,619 OR Portland
83%
296,233 NY Rochester
83%
254,413 CA Sacramento
83%
696,769 CA San Diego
83%
715,674 CA San Francisco
83%
445,779 CA San Jose
83%
163,905 MA Springfield
83%
277,767 FL Tampa
83%
275,425 OH Akron
67%
243,751 NM Albuquerque
67%
496,973 GA Atlanta
67%
251,808 TX Austin
67%
165,963 LA Baton Rouge
67%
200,587 IA Des Moines
67%
139,590 FL Fort Lauderdale
67%
177,671 IN Fort Wayne
67%
175,415 IN Gary
67%
197,649 MI Grand Rapids
67%
158,,017 CT Hartford
67%
174,587 TN Knoxville
67%
149,518 NE Lincoln
67%
173,258 WI Madison
67%
382,417 NJ Newark
67%
307,951 VA Norfolk
67%
361,561 CA Oakland
67%
366,481 OK Oklahoma City
67%
347,328 NE Omaha
67%
179,213 RI Providence
67%
249,621 VA Richmond
67%
140,089 CA Riverside
67%
170,516 WA Spokane
67%
197,208 NY Syracuse
67%
154,481 WA Tacoma
67%
383,818 OH Toledo
67%
262,933 AZ Tucson
67%
331,639 OK Tulsa
67%
172,106 VA Virginia Beach
67%
276,554 KS Wichita
67%
204,297 NY Yonkers
67%
166,701 CA Anaheim
50%
174,284 VA Arlington
50%
243,601 OH Dayton
50%
138,764 IN Evansville
50%
144,076 NC Greensboro
50%
358,633 CA Long Beach
50%
149,101 TX Lubbock
50%
156,601 CA Santa Ana
50%
182,064 LA Shreveport
50%
179,260 MI Warren
50%
176,572 MA Worcester
50%
139,788 OH Youngstown
50%
204,525 TX Corpus Christi
33%
193,317 MI Flint
33%
144,824 NJ Paterson
33%
147,370 IL Rockford
33%
216,232 FL St. Petersburg
33%
No matching quizzes found
Score Distribution
Percent of People with Each Score
Percentile by Number Answered
Your Score History
You have not taken this quiz